| 000 | 01637nam a22002897a 4500 | ||
|---|---|---|---|
| 999 |
_c1045 _d1045 |
||
| 001 | 001888 | ||
| 003 | CoMeUDC001888 | ||
| 005 | 20230215174117.0 | ||
| 008 | 130821s2006 ck gr spa | ||
| 020 | _a9586484149 | ||
| 040 |
_aCo-BoUCM _bspa _cCo-UdeC |
||
| 041 | 0 | 0 | _aspa |
| 082 | 0 | 4 |
_a657.32 _bM292 |
| 100 | 1 | _aMantilla Blanco, Samuel Alberto | |
| 245 | 1 | 0 |
_aEstándares/Normas Internacionales : _binformación financiera IFRS (NIIF) / _cSamuel Alberto Mantilla Blanco. |
| 260 |
_aBogotá (Colombia) : _bEcoe Ediciones, _c2003. |
||
| 300 |
_a386 p. ; _c24 cm. |
||
| 490 |
_aTextos Universitarios. _aContabilidad, Auditoria y Control |
||
| 504 | _aIncluye bibliografía. | ||
| 505 | _aEstándares e interpretaciones -- IFRS para principiantes .. Estándares/Normas internacionales de información financiera (IFRS/NIIF) -- Estándares/Normas internacionales de contabilidad (IAS/NIC) -- Interpretaciones internacionales relacionadas con la información financiera (IFRIC) -- Lecturas -- Estructura conceptual -- Adopción de estándares internacionales. Características técnicas -- Políticas de contabilidad. ¿Iguales negocios, contabilidades distintas, o negocios distintos y una sola contabilidad? -- Financial Reporting. Prepración, presentación y revelación de información financiera -- Fair Value. El valor razonable es el valor transparente | ||
| 546 | _aEspañol. | ||
| 650 | 0 | 4 |
_aContabilidad financiera _vNormas _911746 |
| 650 | 0 | 4 |
_aContabilidad _97449 |
| 650 | 0 | 4 |
_aEstados financieros _vNormas _915032 |
| 650 | 0 | 4 | _aNormas Internacionales de Información Financiera. NIIF (IFRS) |
| 942 |
_cBK _2ddc |
||